000 00653nam a2200253 i 4500
001 C2-0227246
003 PPAK
005 20180728154730.0
008 000718s1992 my |||| ||||| | may d
020 _a9836227954
040 _aPPAK
_beng
_cPPAK
_erda
082 0 4 _a899.233
_223
090 0 0 _a899.233
_bLEL
_dG
090 0 0 _a899.233
_bLEL
_dKIH
245 0 0 _aLelaki Yang Berdiri
264 1 _aKuala Lumpur :
_bZohara Ishak Sdn. Bhd ,
_c1992
300 _a237 pages ;
_c18 cm
336 _2rdacontent
_atext
337 _2rdamedia
_aunmediated
338 _2rdacarrier
_avolume
650 1 0 _aMalay fiction
700 _eauthor
942 _ddc
_cB
999 _c147367
_d147367